000
00302nam a22001337a 4500
008
170721b xxu||||| |||| 00| 0 eng d
020
_a
3446135456
041
_a
eng
080
_a
004
100
_a
28
101
_a
SHKI
245
_a
MIKROPROZESSOR SOFTWARE-LABOR
_c
MUHLBACHER, J.M
942
_2
udc
_c
BK
999
_c
21752
_d
21752